Online Public Access Catalogue

Multiple Choice Question in Anatomy / (Record no. 5000)

MARC details
000 -LEADER
fixed length control field 00389nam a2200157Ia 4500
020 ## - INTERNATIONAL STANDARD BOOK NUMBER
International Standard Book Number 8181478487
082 ## - DEWEY DECIMAL CLASSIFICATION NUMBER
Classification number 611.0076
Author Mark BHA
100 ## - MAIN ENTRY--PERSONAL NAME
Author Name Bhatnagar,SM
245 #0 - TITLE STATEMENT
Title Multiple Choice Question in Anatomy /
250 ## - EDITION STATEMENT
Edition statement 3rd
260 ## - PUBLICATION, DISTRIBUTION, ETC.
Place of publication, distribution, etc. India
Name of publisher, distributor, etc. Elsevier
Date of publication, distribution, etc. 2006
300 ## - PHYSICAL DESCRIPTION
No of Pages 479
504 ## - BIBLIOGRAPHY, ETC. NOTE
Bibliography, Index, etc. note NIL
650 ## - SUBJECT ADDED ENTRY--TOPICAL TERM
Subject Anatomy_examination,questions
942 ## - ADDED ENTRY ELEMENTS (KOHA)
Koha item type Books
Source of classification or shelving scheme
952 ## - LOCATION AND ITEM INFORMATION (KOHA)
-- 2018-03-16
Holdings
Item status Home library Current library Shelving location Date acquired Total Checkouts Full call number Barcode Date last seen Date last checked out Koha item type
  Islamabad Medical and Dental College Islamabad Medical and Dental College Islamabad Medical and Dental College 16/03/2018 4 611.0076 BHA 6742 04/03/2025 31/01/2025 Books

Copyright @ IMDC Library
Islamabad Medical and Dental College
Bhara Kahu, Islamabad

  Contact the Librarian, IMDC
  Email:: library@imdcollege.edu.pk

  OPAC Customized by
  Mazhar Hussain,
  Librarian:
  Islamabad Medical and Dental College
  Email:: library@imdcollege.edu.pk